000 01070cam a2200205 4500
001 WB3925-14
008 030701n2003 000 0 eng u
035 _a(Sirsi) u122841
245 _aProperty projects aid economy
260 _c2003
490 _aPlanning (for the Natural and Built Environment)
_v(1525) 27 June 2003, 5(1)
520 _aA new report published by the BPF and researched by the College of Estate Management argues that property-led mixed-use regeneration projects can bring significant economic benefits. The research examined regeneration schemes at Brindleyplace in Birmingham and Gunwharf Quays in Portsmouth and concluded that the projects generated about 5 840 full-time jobs and brought in £31m in taxes. Executive summary of "Mixed-use urban regeneration at Brindleyplace and Gunwharf Quays" available at www.bpf.org.uk/research/doc/18.
590 _aWB
650 _aECONOMIC IMPACT
650 _aREGENERATION PROJECTS
650 _aURBAN REGENERATION
650 _aMIXED-USE DEVELOPMENTS
690 _aREGENERATION
942 _n0
999 _c72967
_d72967